000
00243nam a22000857a 4500
008
160705b xxu||||| |||| 00| 0 eng d
100
_9
2266
_a
Apte, V.S
245
_a
The Students Sanskrit - English Dictionary
260
_a
Delhi
_b
New Bharatiya
_c
2003
999
_c
1949
_d
1949